000
00244nam a2200097Ia 4500
001
988659
005
20250826221142.0
008
250824s9999 xx 000 0 und d
245
0
_a
SHERLOCK HOLMES 3
_c
ARTHUR CONAN DOYLE
260
_b
DOKUZ YAYINLARI
999
_c
988659
_d
988659